000 00839nam a2200229Ia 4500
003 GCL
008 140319s9999 xx 000 0 ara d
040 _aGCL /
_cGCL
082 0 4 _a322.43
_bه ن
100 1 _aمحمد السماك
245 1 0 _aالنبؤة والسياسة الانجليون العسكريون فى الطريق الى الحرب النووية /
_cمحمد السماك
700 1 _aهاسل , غريس
260 _a[S.N] :
_bجمعية الدعوة الاسلامية العالمية ،
_c1990
300 _a211 ص
490 _a
650 0 4 _aالولايات المتحدة الامريكية
650 0 4 _aالسياسة الدولية
650 0 4 _aاسرائيل
650 0 4 _aالكونجرس
650 0 4 _aاليهود فى الولايات المتحدة الامريكية
942 _2ddc
_cBK
999 _c29108
_d29108